| 000 | 00608nam a2200241 a 4500 | ||
|---|---|---|---|
| 001 | 0001-1346 | ||
| 003 | ELIB.Books | ||
| 008 | 150909 2010 eng | ||
| 020 | _a087579825X | ||
| 035 | _a(ELIB.Books)0001-1501 | ||
| 092 |
_a248 _bKen |
||
| 100 | _aKendrick, L. Lionel. | ||
| 245 | _aScriptures to Success | ||
| 260 |
_aSalt Lake City _bDeseret Book Company _c1993 |
||
| 300 |
_a99 _c21.5 Cm |
||
| 500 | _aDr. Min Oo | ||
| 650 | _aChristian Life | ||
| 856 |
_nKBTS: Library _uKBTS: Elib |
||
| 942 |
_2ddc _cBK |
||
| 990 | _a1 | ||
| 998 |
_cbat _e2015-09-09 |
||
| 999 |
_c11346 _d11346 |
||